000 01012naa a22003017a 4500
001 BR8103257
003 BR-BrBNA
005 20240918174745.0
007 ta
008 230509b bl.||||| |||| 00| 0 por d
040 _aBR-BrBNA
_bpor
_cBiblioteca Nacional de Agricultura
041 _a(Pt)
072 _aF25
_b3840
_bG514
090 _aF25 BR8103257
100 1 _aAndrade, H.
245 1 _aEfeito de doses de calcario sobre a elevacao do pH em solos de baixada do Sul de Minas Gerais [Brasil]
260 3 _aBelo Horizonte, MG (Brasil):
_c1981.
500 _aProjeto olericultura. Relatorio 77/78 Belo Horizonte, MG (Brasil): 1981. p. 341-342 (BR8103257-AM)F25
650 _aFertilidade do solo
650 _aSolo
650 _aCalcario
650 _aAnalise do solo
650 _aSul
650 _aMinas Gerais
773 0 _tProjeto olericultura. Relatorio 77/78
_wF25 BR8103257
_gBelo Horizonte, MG (Brasil), 1981. p. 341-342
909 _a202404
_bLucia
_c55
_dLucia Elande
942 _cAM
_2AGRIS
999 _c313362
_d313362